Denzel Washington Movies - Statistics

General Stats
  • This quiz has been taken 59 times
  • The average score is 5 of 20
Answer Stats
Hint Answer % Correct
Special Agent Doug Carlin (2006) Deja Vu
55%
Robert McCall (2014) The Equalizer
50%
PVT Trip (1989) Glory
38%
Tobin Frost (2012) Safe House
38%
Det. Keith Frazier (2006) Inside Man
33%
Robert 'Bobby' Trench (2013) 2 Guns
29%
Steve Biko (1987) Cry Freedom
29%
Joe Miller (1993) Philadelphia
29%
Lincoln Rhyme (1999) The Bone Collector
26%
Bleek Gilliam (1990) Mo' Better Blues
24%
Det. John Hobbes (1998) Fallen
21%
Easy Rawlins (1995) Devil In A Blue Dress
19%
Don Pedro of Aragon (1993) Much Ado About Nothing
19%
Demetrius Williams (1992) Mississippi Masala
14%
Nicholas Styles (1991) Ricochet
12%
PFC Melvin Peterson (1984) A Soldier's Story
10%
Lt. Parker Barnes (1995) Virtuosity
10%
Dr. Jerome Davenport (2002) Antwone Fisher
7%
Arnold Billings (1986) Power
7%
Napoleon Stone (1990) Heart Condition
5%
No matching quizzes found
Score Distribution
Percent of People with Each Score
Percentile by Number Answered
Your Score History
You have not taken this quiz